|
|
|
|
| LEADER |
00867nam#a22002655a#4500 |
| 001 |
018194 |
| 005 |
20160721154257.0 |
| 008 |
061002s2004####xx############001#0#spa#d |
| 020 |
|
|
|a 8420467286
|
| 040 |
|
|
|a AR-beUNQ
|
| 082 |
0 |
4 |
|a 863
|2 21
|
| 099 |
|
|
|a 35-C11
|
| 100 |
1 |
|
|a Cervantes, Miguel de
|
| 245 |
0 |
2 |
|a Don Quijote de la Mancha
|c Miguel de Cervantes.
|
| 260 |
|
|
|a [S. l.] :
|b Real Academia Española :
|c c2004.
|
| 300 |
|
|
|a cl, 1249 p. ;
|c 21 cm.
|
| 500 |
|
|
|a Incluye bibliografía (p.1153-1155), glosario (p. 1157-1235), tabla (p. 1237-1249).
|
| 500 |
|
|
|a Edición y notas de Francisco Rico.
|
| 650 |
|
7 |
|a Literatura (Arte)
|2 Spines
|
| 650 |
|
7 |
|a Novela
|2 toit
|
| 651 |
|
7 |
|a España
|2 Spines
|
| 700 |
1 |
|
|a Rico, Francisco
|4 edt
|
| 929 |
|
|
|a COMPRA
|b Cúspide
|c Exp. 827-0221/06 1a. compra
|d 23,00
|e 20060919
|f PAT0013318
|j 39174
|
| 942 |
|
|
|c LIB
|n 0
|
| 999 |
|
|
|c 18386
|d 93773
|